• 首页
  • 本馆介绍
  • 公告通知
  • 最新文献
  • 馆藏检索
  • 电子资源
  • 读者导购
  • 参考咨询
  • 我的图书馆
  • 登录
  • 详细信息显示
  • 放入我的书架
  • 预约/预借图书
  • 作者相关作品
  • 分类相关作品
  • 丛书相关作品
  • 出版社相关作品

书目信息

  • 表格格式
  • 工作单格式
  • 卡片格式
题名:
国语运动与文学革命
    
 
作者: 吴晓峰 著
分册:  
出版信息: 北京   中央编译出版社  2008.12
页数: 349页
开本: 21cm
丛书名:
单 册:
中图分类: H125 , I209.6
科图分类:
主题词: 汉字改革--关系--新文学运动(五四)--研究--民国 , 汉字改革 , 新文学运动(五四)
电子资源:
ISBN: 978-7-80211-790-7
000 01012nam0 2200277 450
001 010010034447
005 20091208155618.17
010    @a978-7-80211-790-7@dCNY32.00
100    @a20090116d2008 em y0chiy0110 ea
101 0  @achi
102    @aCN@b110000
105    @ay z 000yy
106    @ar
200 1  @a国语运动与文学革命@9guo yu yun dong yu wen xue ge ming@f吴晓峰著
210    @a北京@c中央编译出版社@d2008.12
215    @a349页@d21cm
330    @a本书共分为国语运动和文学革命互动关系的历史研究、国语运动和文学革命互运关系的个案研究、国语运动和文学革命互动关系的理论研究三章。主要内容包括:自由开放的时代氛围;国语运动和文学革命的历史演进等。
510 1  @aRelationship between mandarin movement and literary revolution@zeng
606 0  @a汉字改革@x关系@x新文学运动(五四)@x研究@z民国
606 0  @a汉字改革
606 0  @a新文学运动(五四)
690    @aH125@v4
690    @aI209.6@v4
701  0 @a吴晓峰@9wu xiao feng@4著
801  0 @aCN@bRENTIAN@c20091208
905    @b20795312-14@dH125@e31@f3
    
    国语运动与文学革命/吴晓峰著.-北京:中央编译出版社,2008.12
    349页;21cm
    
    
    ISBN 978-7-80211-790-7:CNY32.00
    本书共分为国语运动和文学革命互动关系的历史研究、国语运动和文学革命互运关系的个案研究、国语运动和文学革命互动关系的理论研究三章。主要内容包括:自由开放的时代氛围;国语运动和文学革命的历史演进等。
●
相关链接 在E读中查询图书 在五车中查询图书 在当当中查询图书 在豆瓣中查询图书


正题名:国语运动与文学革命     索取号:H125/31         预约/预借

序号 登录号 条形码 馆藏地/架位号 状态 备注
1 795312   207953124   第二样本阅览室/ [索取号:H125/31] 在馆    
2 795313   207953133   第四借阅区/ [索取号:H125/31] 在馆    
3 795314   207953142   第四借阅区/ [索取号:H125/31] 在馆    
唐山师范学院图书馆 欢迎您!
大连网信软件有限公司© 版权所有